Loading...
Galfumpadi P O /
| Hovedforfatter: | |
|---|---|
| Format: | Printed Book |
| Sprog: | Malayalam |
| Udgivet: |
Kozhikode :
Olive ,
2005.
|
| LEADER | 00478nam a2200145Ia 4500 | ||
|---|---|---|---|
| 008 | 150624b xxu||||| |||| 00| | mal d | ||
| 082 | |a 741.59 | ||
| 100 | |a Sageer | ||
| 245 | |c Sageer |a Galfumpadi P O / | ||
| 260 | |a Kozhikode : |b Olive , |c 2005. | ||
| 300 | |a 202 p. | ||
| 546 | |a In Malayalam. | ||
| 942 | |c BK | ||
| 999 | |c 85362 |d 85362 | ||
| 952 | |0 0 |1 0 |4 0 |6 741_590000000000000_JAG_G |7 0 |9 85306 |a UL |b UL |c ST1 |d 2006-11-30 |e OLI |l 11 |o 741.59 JAG/G |p 80762 |r 2015-05-11 |s 2015-04-24 |v 100.00 |w 2012-10-27 |y BK | ||